• 首页
  • 本馆介绍
  • 公告通知
  • 最新文献
  • 馆藏检索
  • 电子资源
  • 读者导购
  • 参考咨询
  • 我的图书馆
  • 登录
  • 详细信息显示
  • 放入我的书架
  • 预约/预借图书
  • 作者相关作品
  • 分类相关作品
  • 丛书相关作品
  • 出版社相关作品

书目信息

  • 表格格式
  • 工作单格式
  • 卡片格式
题名:
海岸带生态安全评价模式研究与案例分析
    
 
作者: 吝涛 , 薛雄志 , 卢昌义 著
分册:  
出版信息: 北京   海洋出版社  2018.02
页数: 171页
开本: 26cm
丛书名:
单 册:
中图分类: X321.257.3
科图分类:
主题词: 海岸带--生态安全--安全评价--案例--厦门
电子资源:
ISBN: 978-7-5210-0041-2
000 00953nam0 2200241 450
001 5352
005 20181015155753.50
010    @a978-7-5210-0041-2@dCNY48.00
100    @a20180612d2018 em y0chiy50 ea
101 0  @achi
102    @aCN@b110000
105    @aa z 000yy
200 1  @a海岸带生态安全评价模式研究与案例分析@9hai an dai sheng tai an quan ping jia mo shi yan jiu yu an li fen xi@f吝涛,薛雄志,卢昌义著
210    @a北京@c海洋出版社@d2018.02
215    @a171页@c图@d26cm
330    @a本书尝试构建海岸带生态安全评价模式,并以厦门为例进行案例研究分析。内容涉及:生态安全评估研究综述、海岸带生态安全评价模式构建、海岸带生态安全压力评价案例分析等。
606 0  @a海岸带@x生态安全@x安全评价@x案例@y厦门
690    @aX321.257.3@v5
701  0 @a吝涛@9lin tao@f(1978-)@4著
701  0 @a薛雄志@9xue xiong zhi@c(环境)@4著
701  0 @a卢昌义@9lu chang yi@c(环境科学)@4著
801  0 @aCN@b91MARC@c20180612
905    @aMuseLib@dX321.257.3@e268
    
    海岸带生态安全评价模式研究与案例分析/吝涛,薛雄志,卢昌义著.-北京:海洋出版社,2018.02
    171页:图;26cm
    
    
    ISBN 978-7-5210-0041-2:CNY48.00
    本书尝试构建海岸带生态安全评价模式,并以厦门为例进行案例研究分析。内容涉及:生态安全评估研究综述、海岸带生态安全评价模式构建、海岸带生态安全压力评价案例分析等。
●
相关链接 在E读中查询图书 在五车中查询图书 在当当中查询图书 在豆瓣中查询图书


正题名:海岸带生态安全评价模式研究与案例分析     索取号:X321.257.3/268         预约/预借

序号 登录号 条形码 馆藏地/架位号 状态 备注
1 1129285   211292858   第二样本阅览室/ [索取号:X321.257.3/268] 在馆    
2 1129286   211292867   密集书库-生命科学系/ [索取号:X321.257.3/268] 在馆    
3 1129287   211292876   第三借阅区/ [索取号:X321.257.3/268] 在馆    
4 1129288   211292885   第三借阅区/ [索取号:X321.257.3/268] 在馆    
5 1129289   211292894   第三借阅区/ [索取号:X321.257.3/268] 在馆    
唐山师范学院图书馆 欢迎您!
大连网信软件有限公司© 版权所有